Countries that borders India by their official names. - Statistics

General Stats
  • This quiz has been taken 4 times
  • The average score is 3 of 6
Answer Stats
Country % Correct
Islamic Republic of Pakistan
100%
Kingdom of Bhutan
50%
People's Republic of China
50%
Federal Democratic Republic of Nepal
25%
People's Republic of Bangladesh
25%
Republic of the Union of Myanmar
25%
No matching quizzes found
Score Distribution
Percent of People with Each Score
Percentile by Number Answered
Your Score History
You have not taken this quiz